000 00528nam a22001937a 4500
005 20260401064505.0
008 260401b |||||||| |||| 00| 0 eng d
020 _a9788196173494
040 _aIN-DiNC
_cIN-DiNC
041 _deng
082 _a320.954
_bSHU
100 _aShukla, Haridwar
_eauthor
245 _aIntroduction to Indian politics (Minor2)/
_cby Haridwar Shukla
250 _a1st ed.
260 _aDibrugarh:
_bMahaveer publications,
_c2024.
300 _a260p.
650 _aIndian politics
942 _2ddc
_cBK
999 _c12351
_d12351